Some account of the trade in slaves from Africa (Record no. 19306)
[ view plain ]
| 000 -LEADER | |
|---|---|
| fixed length control field | 00715cam a22001571 4500 |
| 040 ## - CATALOGING SOURCE | |
| Transcribing agency | 380 FAO 1986 C162 Or. |
| 082 0# - DEWEY DECIMAL CLASSIFICATION NUMBER | |
| Classification number | 380 FAO 1986 C162 Or. |
| 100 1# - MAIN ENTRY--AUTHOR NAME | |
| Personal name | Bandinel, James, |
| 245 10 - TITLE STATEMENT | |
| Title | Some account of the trade in slaves from Africa |
| Remainder of title | as connected with Europe and America from the introduction of the trade into modern Europe down to the present time; especially with reference to the efforts made by the British government for its extinction. |
| 250 ## - EDITION STATEMENT | |
| Edition statement | First edition, new impression. |
| 300 ## - PHYSICAL DESCRIPTION | |
| Number of Pages | 4 unnumbered pages, v-xv, 323 pages ; |
| Dimensions | 22 cm. |
| 490 1# - SERIES STATEMENT | |
| Series statement | Cass library of African studies. Slavery series ; |
| 500 ## - GENERAL NOTE | |
| General note | Originally published, London, 1842. |
| 650 #0 - SUBJECT ADDED ENTRY--TOPICAL TERM | |
| Topical Term | Slave trade |
| 942 ## - ADDED ENTRY ELEMENTS (KOHA) | |
| Koha item type | ADB |
No items available.